000 00529nam a2200181Ia 4500
999 _c34546
_d34546
003 OSt
005 20200908104215.0
008 190216s9999||||xx |||||||||||||| ||und||
020 _a9780071321167
040 _coclc
082 _a535
_bHEC/T
100 _aHecht, Eugene
_94481
245 0 _aTheory And Problems Of Optics /
_cEugene Hecht
260 _bTata Mcgraw-Hill Education Private Limited,
_c2011.
_aNew Delhi:
300 _a242p
650 _aPhysics
942 _cBK
_2ddc
_h535
_iHEC/T
_k535
_mHEC/T